Elementary differential equations and boundary value problems / (Record no. 535574)

000 -LEADER
fixed length control field 01143cam a2200301 a 4500
001 - CONTROL NUMBER
control field 16466848
005 - DATE AND TIME OF LATEST TRANSACTION
control field 20200917112926.0
008 - FIXED-LENGTH DATA ELEMENTS--GENERAL INFORMATION
fixed length control field 100920s2009 njua b 001 0 eng
010 ## - LIBRARY OF CONGRESS CONTROL NUMBER
LC control number 2010483814
020 ## - INTERNATIONAL STANDARD BOOK NUMBER
International Standard Book Number 978812651555
040 ## - CATALOGING SOURCE
Original cataloging agency DLC
Transcribing agency DLC
Modifying agency DLC
050 00 - LIBRARY OF CONGRESS CALL NUMBER
Classification number QA371
Item number .B773 2009
082 ## - DEWEY DECIMAL CLASSIFICATION NUMBER
Classification number 515.35
Author Mark BOY
100 1# - MAIN ENTRY--PERSONAL NAME
Personal name Boyce, William E.
9 (RLIN) 8580
245 10 - TITLE STATEMENT
Title Elementary differential equations and boundary value problems /
Statement of responsibility, etc. William E. Boyce, Richard C. DiPrima.
250 ## - EDITION STATEMENT
Edition statement 9th ed.
260 ## - PUBLICATION, DISTRIBUTION, ETC.
Place of publication, distribution, etc. Hoboken, NJ :
Name of publisher, distributor, etc. Wiley,
Date of publication, distribution, etc. c2009.
300 ## - PHYSICAL DESCRIPTION
Extent xix, 796 p. :
Other physical details col. ill. ;
Dimensions 27 cm.
504 ## - BIBLIOGRAPHY, ETC. NOTE
Bibliography, etc. note Includes bibliographical references and index.
650 #0 - SUBJECT ADDED ENTRY--TOPICAL TERM
Topical term or geographic name entry element Differential equations.
9 (RLIN) 688
650 #0 - SUBJECT ADDED ENTRY--TOPICAL TERM
Topical term or geographic name entry element Boundary value problems.
9 (RLIN) 689
700 1# - ADDED ENTRY--PERSONAL NAME
Personal name DiPrima, Richard C.
9 (RLIN) 8581
856 42 - ELECTRONIC LOCATION AND ACCESS
Materials specified Publisher description
Uniform Resource Identifier <a href="http://www.loc.gov/catdir/enhancements/fy1101/2010483814-d.html">http://www.loc.gov/catdir/enhancements/fy1101/2010483814-d.html</a>
856 41 - ELECTRONIC LOCATION AND ACCESS
Materials specified Table of contents only
Uniform Resource Identifier <a href="http://www.loc.gov/catdir/enhancements/fy1101/2010483814-t.html">http://www.loc.gov/catdir/enhancements/fy1101/2010483814-t.html</a>
906 ## - LOCAL DATA ELEMENT F, LDF (RLIN)
a 7
b cbc
c origcop
d 2
e epcn
f 20
g y-gencatlg
942 ## - ADDED ENTRY ELEMENTS (KOHA)
Source of classification or shelving scheme
Koha item type Book
Holdings
Withdrawn status Lost status Source of classification or shelving scheme Damaged status Not for loan Permanent Location Current Location Shelving location Date acquired Total Checkouts Full call number Barcode Date last seen Date last checked out Price effective from Koha item type
          School of Natural Sciences (SNS) School of Natural Sciences (SNS) General Stacks 09/17/2020 1 515.35 BOY SNS0002271 02/06/2025 01/28/2025 09/17/2020 Book
© 2023 Central Library, National University of Sciences and Technology. All Rights Reserved.